<?xml version="1.0" encoding="UTF-8"?>
<record
    xmlns:xsi="http://www.w3.org/2001/XMLSchema-instance"
    xsi:schemaLocation="http://www.loc.gov/MARC21/slim http://www.loc.gov/standards/marcxml/schema/MARC21slim.xsd"
    xmlns="http://www.loc.gov/MARC21/slim">

  <leader>01288nam0a2200361   4500</leader>
  <controlfield tag="001">RU\NLR\BIBL_A\011695068</controlfield>
  <controlfield tag="005">20180515150505.0</controlfield>
  <datafield tag="010" ind1=" " ind2=" ">
    <subfield code="a">978-5-04-091306-0</subfield>
    <subfield code="9">4000</subfield>
  </datafield>
  <datafield tag="021" ind1=" " ind2=" ">
    <subfield code="a">RU</subfield>
    <subfield code="b">&#x41A;&#x41D;-&#x41F;-18-025242</subfield>
    <subfield code="9">&#x41A;&#x41D;-&#x41F;-18-1846</subfield>
  </datafield>
  <datafield tag="035" ind1=" " ind2=" ">
    <subfield code="a">(NLR Aleph) 011695068</subfield>
  </datafield>
  <datafield tag="035" ind1=" " ind2=" ">
    <subfield code="a">(RuMoRGB)009594625</subfield>
  </datafield>
  <datafield tag="090" ind1=" " ind2=" ">
    <subfield code="a">11359471</subfield>
    <subfield code="c">11359471</subfield>
  </datafield>
  <datafield tag="100" ind1=" " ind2=" ">
    <subfield code="a">20180508d2018    u  y0rusy50      ca</subfield>
  </datafield>
  <datafield tag="101" ind1="1" ind2=" ">
    <subfield code="a">rus</subfield>
    <subfield code="c">swe</subfield>
  </datafield>
  <datafield tag="102" ind1=" " ind2=" ">
    <subfield code="a">RU</subfield>
  </datafield>
  <datafield tag="105" ind1=" " ind2=" ">
    <subfield code="a">y|||z|||000 y</subfield>
  </datafield>
  <datafield tag="200" ind1="1" ind2=" ">
    <subfield code="a">&#x427;&#x435;&#x440;&#x43D;&#x430;&#x44F; &#x437;&#x430;&#x440;&#x44F;</subfield>
    <subfield code="f">&#x421;&#x438;&#x43B;&#x43B;&#x430; &#x438; &#x420;&#x43E;&#x43B;&#x44C;&#x444; &#x411;&#x451;&#x440;&#x43B;&#x438;&#x43D;&#x434;</subfield>
    <subfield code="g">[&#x43F;&#x435;&#x440;. &#x441; &#x448;&#x432;&#x435;&#x434;. &#x42E;. &#x41A;&#x43E;&#x43B;&#x435;&#x441;&#x43E;&#x432;&#x43E;&#x439;]</subfield>
  </datafield>
  <datafield tag="210" ind1=" " ind2=" ">
    <subfield code="a">&#x41C;&#x43E;&#x441;&#x43A;&#x432;&#x430;</subfield>
    <subfield code="c">&#x42D;</subfield>
    <subfield code="d">2018</subfield>
  </datafield>
  <datafield tag="215" ind1=" " ind2=" ">
    <subfield code="a">444, [2] &#x441;.</subfield>
    <subfield code="d">21</subfield>
  </datafield>
  <datafield tag="225" ind1="1" ind2=" ">
    <subfield code="a">DETECTED</subfield>
    <subfield code="e">&#x442;&#x430;&#x439;&#x43D;&#x430;, &#x43F;&#x43E;&#x43A;&#x43E;&#x440;&#x438;&#x432;&#x448;&#x430;&#x44F; &#x43C;&#x438;&#x440;</subfield>
  </datafield>
  <datafield tag="225" ind1="1" ind2=" ">
    <subfield code="a">&#x412;&#x43F;&#x435;&#x440;&#x432;&#x44B;&#x435; &#x43D;&#x430; &#x440;&#x443;&#x441;&#x441;&#x43A;&#x43E;&#x43C;</subfield>
  </datafield>
  <datafield tag="333" ind1=" " ind2=" ">
    <subfield code="a">18+</subfield>
  </datafield>
  <datafield tag="686" ind1=" " ind2=" ">
    <subfield code="a">&#x428;5(4&#x428;&#x432;)64-644.6</subfield>
    <subfield code="2">rubbk</subfield>
  </datafield>
  <datafield tag="686" ind1="1" ind2=" ">
    <subfield code="a">&#x428;6(4&#x428;&#x432;)67-440.4(&#x421;){&#x41B;&#x445;1489-45(&#x421;)}</subfield>
  </datafield>
  <datafield tag="686" ind1="1" ind2=" ">
    <subfield code="a">&#x428;6(4&#x428;&#x432;)67-440.4(&#x420;){&#x41B;&#x445;1489-45(&#x420;)}</subfield>
  </datafield>
  <datafield tag="700" ind1=" " ind2="1">
    <subfield code="a">&#x411;&#x451;&#x440;&#x43B;&#x438;&#x43D;&#x434;</subfield>
    <subfield code="b">&#x421;.</subfield>
    <subfield code="f">1961-</subfield>
    <subfield code="g">&#x421;&#x438;&#x43B;&#x43B;&#x430;</subfield>
    <subfield code="3">RU\NLR\AUTH\770145100</subfield>
  </datafield>
  <datafield tag="701" ind1=" " ind2="1">
    <subfield code="a">&#x411;&#x451;&#x440;&#x43B;&#x438;&#x43D;&#x434;</subfield>
    <subfield code="b">&#x420;.</subfield>
    <subfield code="f">1943-</subfield>
    <subfield code="g">&#x420;&#x43E;&#x43B;&#x44C;&#x444;</subfield>
    <subfield code="3">RU\NLR\AUTH\770145102</subfield>
  </datafield>
  <datafield tag="942" ind1=" " ind2=" ">
    <subfield code="c">BOOK</subfield>
  </datafield>
  <datafield tag="980" ind1=" " ind2=" ">
    <subfield code="a">NBR</subfield>
  </datafield>
  <datafield tag="980" ind1=" " ind2=" ">
    <subfield code="a">NB</subfield>
  </datafield>
</record>
